000 00370nam a2200145Ia 4500
008 231217s9999 xx 000 0 und d
041 _aEnglish
100 _aRaghuwanshi, B S.
245 2 _aA course in workshop technology V.1
250 _a5th ed.
260 _c1978
_bNew Delhi : Dhanpat Rai,
300 _aiv+522
650 _aWorkshop technology
942 _cAA
999 _c161362
_d161362